| 000 | 00558nam a2200217Ia 4500 | ||
|---|---|---|---|
| 003 | OSt | ||
| 005 | 20221005123213.0 | ||
| 006 | a|||||r|||| 00| 0 | ||
| 007 | ta | ||
| 008 | 221004b |||||||| |||| 00| 0 snd d | ||
| 024 | _a7030 | ||
| 037 | _cTextual | ||
| 040 |
_aCRL _cCRL _bsnd |
||
| 041 |
_2snd _asnd |
||
| 082 | _aQ8441K66w, 1593H7 | ||
| 100 |
_aMaisedasani _9633332 |
||
| 245 | 0 | _aKulnagender Maharaj Guru Govind Singh | |
| 260 | _c1947 | ||
| 942 |
_hQ8441K66w, 1593H7 _cTEXL _2cc |
||
| 999 |
_c1046708 _d1046708 |
||